Clases medias y crisis nacional: Costa Rica

Đã lưu trong:
Chi tiết về thư mục
Tác giả chính: Romero Pérez, Jorge Enrique
Định dạng: Texto
Được phát hành: San José: UNA. FLACSO. ICAP. CSUCA
Các nhãn: Thêm thẻ
Không có thẻ, Là người đầu tiên thẻ bản ghi này!

MARC

LEADER 00000 a a2200000 04500
001 21005
003
040
090 |a 090400  
100 |a Romero Pérez, Jorge Enrique  
245 |a Clases medias y crisis nacional: Costa Rica  
260 |a San José:   |b UNA. FLACSO. ICAP. CSUCA  
300 |a 9 p.  
999 |c 7423  |d 7423